Recent advances in phytochemistry. V 16. Cellular and subcellular localization in plant metabolism (Record no. 39122)

MARC details
000 -LEADER
fixed length control field 00648nam a2200229Ia 4500
082 ## - DEWEY DECIMAL CLASSIFICATION NUMBER
Classification number 581.19
Item number REC.16
100 ## - MAIN ENTRY--AUTHOR NAME
Personal name Creasy, Leroy L
245 #0 - TITLE STATEMENT
Title Recent advances in phytochemistry. V 16. Cellular and subcellular localization in plant metabolism
260 ## - PUBLICATION, DISTRIBUTION, ETC. (IMPRINT)
Place of publication New York
Name of publisher Plenum
Year of publication 1982
650 ## - SUBJECT ADDED ENTRY--TOPICAL TERM
Topical Term C4 leaf metabolism
650 ## - SUBJECT ADDED ENTRY--TOPICAL TERM
Topical Term Chloroplast
650 ## - SUBJECT ADDED ENTRY--TOPICAL TERM
Topical Term Cyanogenic glycosides
650 ## - SUBJECT ADDED ENTRY--TOPICAL TERM
Topical Term Metabolism
650 ## - SUBJECT ADDED ENTRY--TOPICAL TERM
Topical Term Microtubules
650 ## - SUBJECT ADDED ENTRY--TOPICAL TERM
Topical Term Phytochemistry
650 ## - SUBJECT ADDED ENTRY--TOPICAL TERM
Topical Term Plant cell
650 ## - SUBJECT ADDED ENTRY--TOPICAL TERM
Topical Term Plant peroxisome
650 ## - SUBJECT ADDED ENTRY--TOPICAL TERM
Topical Term Vacuole
700 ## - ADDED ENTRY--PERSONAL NAME
Personal name Hrazdina, Geza
942 ## - ADDED ENTRY ELEMENTS (KOHA)
Koha item type Books
Holdings
Withdrawn status Lost status Damaged status Not for loan Home library Current library Date acquired Full call number Accession Number Koha item type
        RRII Library RRII Library 16/12/2021 581.19 REC.16 19467 Books